00760nam a2200157Ia 4500008004100000100002500041245012300066245016600189260005300355260001800408300000800426650001500434856006100449999001900510952007300529170221s9999 xx 000 0 und d aAlexey I. Shinkevich aInnovative Forms of Production Organization in the Context of High-Tech Meso-Economic Systems Sustainable Development  cAlexey I. Shinkevich, Alsu A. Lubnina, Natalia M. Chikisheva, Lyudmila M. Simonova, Elena E. Alenina, Boris B. Khrustalev, Roza Sh. Sadykova, Regina R. Kharisova bInternational Review of Management and Marketing cFebruary 2014 a3:1 xMarketing. uhttp://www.econjournals.com/index.php/irmm/issue/view/71 c310210d310210 001040aCLbCLd2017-02-21l0r2017-02-21 00:00:00w2017-02-21yFOJ